| 000 | 00815nam a22002177a 4500 | ||
|---|---|---|---|
| 005 | 20150227142952.0 | ||
| 010 | _aENG-112268 | ||
| 020 |
_a9789350870556 _c450.00 |
||
| 035 | _aEN-95800 | ||
| 037 | _bDBAD/PUB | ||
| 245 |
_aThe scribe remembered : _bN. Gopinathan Nair-his life and times / _cedited by K. Sarafamoni |
||
| 260 |
_aThiruvanthapuram _bK. Saradamoni _c2012 |
||
| 300 |
_a 480 pages, 22 unnumbered pages of plates : _bill.(some col.) _c24cm(pbk) |
||
| 520 | _aFestschrift for a communist activist and Malayalam journalist from Kerala, India. | ||
| 600 |
_a Janayugaṃ Gōpi, _d1923-1991. |
||
| 650 |
_a Communists _z India _zKerala _vBiography. |
||
| 650 |
_a Journalists _zIndia _zKerala _vBiography. |
||
| 700 |
_a Janayugaṃ Gōpi, _d1923-1991, |
||
| 700 | _aSaradamoni, K. | ||
| 942 |
_2ddc _cEN _mSCI |
||
| 999 |
_c91997 _d91997 |
||